[Event "XXV Weekend A"]
[Site "Robecchetto con Induno ITA"]
[Date "2014.12.29"]
[Round "5"]
[White "Zito, Riccardo"]
[Black "Prete, Alessandro"]
[WhiteElo "1743"]
[BlackElo "1752"]
[Result "1-0"]
[PlyCount "89"]
[EventDate "2014.12.26"]

1. e4 b6 2. d4 Bb7 3. Bd3 Nf6 4. Nd2 e6 5. Ngf3 c5 6. c3 cxd4 7. cxd4 Bb4 8.
O-O Bxd2 9. Nxd2 d5 10. e5 Nfd7 11. Qg4 O-O 12. Qh3 h6 13. Nf3 f5 14. Qg3 Kh8
15. Nh4 Rg8 16. Ng6+ Kh7 17. Nf4 Qe8 18. Qh3 Ba6 19. Bb1 Kh8 20. Rd1 Nf8 21. g4
Qa4 22. b3 fxg4 23. Qxg4 Qe8 24. Ng6+ Nxg6 25. Bxg6 Be2 26. Qg3 Qe7 27. Re1 Bb5
28. Kh1 Be8 29. Bc2 Bh5 30. Qh3 Qf7 31. f4 Nc6 32. Qd3 g5 33. Qc3 gxf4 34. Rf1
Qg7 35. Qh3 f3 36. Bg5 Qxg5 37. Rg1 Qxg1+ 38. Rxg1 Rxg1+ 39. Kxg1 Rg8+ 40. Kf1
Rg2 41. Qxh5 Nxd4 42. Qxh6+ Kg8 43. Bh7+ Kf7 44. Qf4+ Kg7 45. Bd3 1-0

[Event "XXV Weekend A"]
[Site "Robecchetto con Induno ITA"]
[Date "2014.12.29"]
[Round "6"]
[White "Bergero, Simone"]
[Black "Bianchi, Massimiliano"]
[WhiteElo "1745"]
[BlackElo "1693"]
[Result "1-0"]
[PlyCount "59"]
[EventDate "2014.12.26"]

1. d4 Nf6 2. Bg5 Ne4 3. Bh4 d5 4. f3 Nd6 5. Nc3 Nf5 6. Bf2 e6 7. e4 dxe4 8.
fxe4 Nd6 9. Nf3 b6 10. Bd3 Be7 11. O-O a5 12. e5 Nb7 13. Ne4 h6 14. c4 Na6 15.
Rc1 c5 16. d5 exd5 17. cxd5 Nb4 18. d6 Bg5 19. Bb5+ Bd7 20. Bxd7+ Qxd7 21.
Nfxg5 hxg5 22. Nxg5 O-O-O 23. a3 Nc6 24. Qd5 Rdf8 25. Bg3 Nbd8 26. b4 axb4 27.
axb4 cxb4 28. Nxf7 Rxf7 29. Rxf7 Qxf7 30. Rxc6+ 1-0

[Event "XXV Weekend A"]
[Site "Robecchetto con Induno ITA"]
[Date "2014.12.29"]
[Round "6"]
[White "Botta, Massimiliano"]
[Black "Raselli, Claudio"]
[WhiteElo "1786"]
[BlackElo "1836"]
[Result "1-0"]
[PlyCount "57"]
[EventDate "2014.12.26"]

1. e4 c5 2. Nf3 e6 3. c4 Nc6 4. Nc3 d6 5. Be2 Nf6 6. O-O Be7 7. b3 O-O 8. Bb2
a6 9. d4 cxd4 10. Nxd4 Qc7 11. Rc1 Nxd4 12. Qxd4 b6 13. Kh1 Qc5 14. Qd2 Qc7 15.
f3 Bb7 16. Rfd1 Rfd8 17. Qd4 Qc5 18. Na4 Qxd4 19. Bxd4 Bc6 20. Bxb6 Rdb8 21.
Bc7 Rb7 22. Bxd6 Bxd6 23. Rxd6 Bxa4 24. bxa4 Rb2 25. Bf1 Rxa2 26. c5 Ne8 27.
Rd7 Rc8 28. c6 Nc7 29. Rcd1 1-0

[Event "XXV Weekend A"]
[Site "Robecchetto con Induno ITA"]
[Date "2014.12.29"]
[Round "6"]
[White "Brioschi, Camillo"]
[Black "Longo, Giovanni"]
[WhiteElo "1842"]
[BlackElo "1662"]
[Result "0-1"]
[PlyCount "100"]
[EventDate "2014.12.26"]

1. d4 d5 2. c4 c6 3. Nf3 Nf6 4. e3 e6 5. cxd5 exd5 6. Nc3 Bb4 7. Bd2 O-O 8. a3
Bd6 9. Bd3 Bg4 10. h3 Bh5 11. b4 a6 12. Qc2 Nbd7 13. Na4 Re8 14. Nc5 Qc7 15. a4
Nf8 16. Nh4 Bg6 17. Nxg6 Nxg6 18. O-O Nf8 19. Rfe1 Ne6 20. Nxe6 fxe6 21. g4 Bg3
22. Re2 Bh4 23. f4 h6 24. Be1 Bxe1 25. Raxe1 Qe7 26. Rb1 Nd7 27. e4 Qh4 28. Kg2
Nf6 29. e5 Nxg4 30. hxg4 Qxg4+ 31. Kf1 Qxf4+ 32. Rf2 Qxd4 33. Qd2 Qxe5 34. Re1
Qd6 35. Rg2 Rf8+ 36. Kg1 Rf6 37. Re3 Raf8 38. Reg3 R8f7 39. Rg6 Qf4 40. Qe2
Rxg6 41. Rxg6 Rf6 42. Qg2 Rxg6 43. Qxg6 Qg5+ 44. Qxg5 hxg5 45. Bg6 Kf8 46. a5
Ke7 47. Kf2 Kd6 48. Ke3 c5 49. bxc5+ Kxc5 50. Kd3 g4 0-1

[Event "XXV Weekend A"]
[Site "Robecchetto con Induno ITA"]
[Date "2014.12.29"]
[Round "6"]
[White "Burani, Eugenio"]
[Black "Palminteri, Vincenzo"]
[WhiteElo "1837"]
[BlackElo "1776"]
[Result "1/2-1/2"]
[PlyCount "91"]
[EventDate "2014.12.26"]

1. e4 Nf6 2. e5 Nd5 3. d4 d6 4. Nf3 Bg4 5. Be2 g6 6. exd6 cxd6 7. c4 Nb6 8. O-O
Bg7 9. Be3 O-O 10. Nc3 Nc6 11. b3 e5 12. dxe5 dxe5 13. Rc1 Re8 14. h3 Bf5 15.
g4 Be6 16. Nb5 Re7 17. Ng5 Rd7 18. Nxe6 fxe6 19. Qc2 Nd4 20. Bxd4 exd4 21. Bd3
a6 22. Na3 Rc8 23. Qe2 Qf6 24. Nb1 Re7 25. Nd2 Rf8 26. f4 Nd7 27. Ne4 Qh4 28.
Kg2 Ref7 29. Ng5 Re7 30. Nxe6 Rfe8 31. f5 Nc5 32. Qf3 Nxe6 33. fxe6 Rxe6 34.
Qf7+ Kh8 35. Rf3 R6e7 36. Qd5 Re5 37. Qd7 Qg5 38. Rcf1 R5e7 39. Qd5 Qxd5 40.
cxd5 Rd7 41. Rf7 Ree7 42. Rxe7 Rxe7 43. Rf3 Kg8 44. a4 Re3 45. Rxe3 dxe3 46.
Kf3 1/2-1/2

[Event "XXV Weekend A"]
[Site "Robecchetto con Induno ITA"]
[Date "2014.12.29"]
[Round "6"]
[White "Caldarola, Stefano"]
[Black "Buzio, Alberto"]
[WhiteElo "1889"]
[BlackElo "1835"]
[Result "1-0"]
[PlyCount "65"]
[EventDate "2014.12.26"]

1. d4 Nf6 2. c4 e6 3. g3 c5 4. d5 exd5 5. cxd5 d6 6. Nf3 Bf5 7. Nc3 Be7 8. Bg2
O-O 9. O-O Nbd7 10. h3 a6 11. Nh4 Bg6 12. Nxg6 hxg6 13. a4 Rb8 14. a5 b5 15.
axb6 Qxb6 16. f4 c4+ 17. Kh2 Rfc8 18. e4 Nc5 19. Na4 Nxa4 20. Qxa4 c3 21. bxc3
Rxc3 22. Qxa6 Qxa6 23. Rxa6 Rbb3 24. g4 Nxe4 25. Bxe4 Rxh3+ 26. Kg2 Rbg3+ 27.
Kf2 Bh4 28. Ke2 Rh2+ 29. Kd1 Rxg4 30. Rxd6 Bf6 31. Bf3 Rg3 32. Rc6 Kf8 33. Re1
1-0

[Event "XXV Weekend A"]
[Site "Robecchetto con Induno ITA"]
[Date "2014.12.29"]
[Round "6"]
[White "Cerutti, Fabio Maria"]
[Black "Biancotti, Alessandro"]
[WhiteElo "1659"]
[BlackElo "1874"]
[Result "0-1"]
[PlyCount "68"]
[EventDate "2014.12.26"]

1. e4 c5 2. Nc3 Nc6 3. g3 g6 4. Bg2 Bg7 5. d3 d6 6. Be3 e5 7. Qd2 Be6 8. Nge2
Nge7 9. Bh6 Bxh6 10. Qxh6 Qa5 11. O-O O-O-O 12. Nd5 f5 13. Qg5 Kd7 14. a3 Bxd5
15. exd5 Nd4 16. Nxd4 cxd4 17. b4 Qb6 18. Rfc1 Rdf8 19. c3 h6 20. Qd2 dxc3 21.
Rxc3 g5 22. Rac1 Rc8 23. Qe2 Rxc3 24. Rxc3 Qd4 25. Qc2 Rc8 26. Rxc8 Nxc8 27. h3
Qa1+ 28. Kh2 Qxa3 29. Qd2 Ne7 30. h4 gxh4 31. Qxh6 hxg3+ 32. fxg3 Qxb4 33. Qe6+
Kd8 34. Bf3 Qc5 0-1

[Event "XXV Weekend A"]
[Site "Robecchetto con Induno ITA"]
[Date "2014.12.29"]
[Round "6"]
[White "Cervini, Gian Piero"]
[Black "Conta, Diego"]
[WhiteElo "1782"]
[BlackElo "1654"]
[Result "1/2-1/2"]
[PlyCount "90"]
[EventDate "2014.12.26"]

1. e4 e6 2. d4 d5 3. Nc3 Nf6 4. e5 Nfd7 5. f4 c5 6. Be3 a6 7. Nf3 Nc6 8. Be2
cxd4 9. Bxd4 Nxd4 10. Nxd4 Bb4 11. O-O Qb6 12. Kh1 Bxc3 13. bxc3 Qc7 14. Qd3
Nc5 15. Qg3 O-O 16. Bd3 Nxd3 17. Qxd3 f5 18. Rab1 Bd7 19. Qh3 b5 20. Rf3 Qd8
21. Rg1 Qe7 22. g4 Rf7 23. gxf5 exf5 24. Rg5 g6 25. Qh6 Rg7 26. h4 a5 27. Rfg3
Ra6 28. h5 Qf7 29. Kg2 Bc8 30. Nxb5 d4 31. Nd6 Qd5+ 32. Kh2 Rxd6 33. exd6 Bb7
34. Rg1 Qxd6 35. R5g3 Kf7 36. Qg5 dxc3 37. Rd3 Qe6 38. Qd8 Qe2+ 39. Kh3 Qxh5+
40. Kg3 Qg4+ 41. Kf2 Qxf4+ 42. Ke2 Qh2+ 43. Kf1 Qf4+ 44. Ke2 Qh2+ 45. Kf1 Qf4+
1/2-1/2

[Event "XXV Weekend A"]
[Site "Robecchetto con Induno ITA"]
[Date "2014.12.29"]
[Round "6"]
[White "Maffeo, Mauro"]
[Black "Schingaro, Angelo"]
[WhiteElo "1644"]
[BlackElo "1736"]
[Result "0-1"]
[PlyCount "95"]
[EventDate "2014.12.26"]

1. d4 Nf6 2. e3 g6 3. Bd3 Bg7 4. Nd2 O-O 5. f4 d6 6. Ngf3 Nbd7 7. O-O c5 8. c3
cxd4 9. exd4 Nd5 10. Ne4 b6 11. Qe1 Bb7 12. Nfg5 N7f6 13. Bd2 Qc7 14. Ng3 e6
15. Rc1 Qd7 16. Nf3 Rae8 17. Qe2 Nc7 18. h4 Bxf3 19. Qxf3 e5 20. f5 exd4 21.
cxd4 Ncd5 22. Bc4 Nc7 23. Bc3 d5 24. Bd3 a5 25. h5 g5 26. b4 Ne4 27. Bxe4 dxe4
28. Nxe4 Bxd4+ 29. Kh1 Bxc3 30. Rxc3 f6 31. bxa5 bxa5 32. Rd3 Qa4 33. Nc5 Qh4+
34. Kg1 Rf7 35. g3 Qc4 36. Nd7 Kg7 37. Rfd1 Rfe7 38. R1d2 Qc1+ 39. Kh2 Re1 40.
h6+ Kf7 41. Rd1 R8e2+ 42. Kh3 g4+ 43. Kxg4 Qg5+ 44. Kh3 Qxh6+ 45. Kg4 Re4+ 46.
Qf4 Rxf4+ 47. gxf4 Rxd1 48. Rxd1 0-1

[Event "XXV Weekend A"]
[Site "Robecchetto con Induno ITA"]
[Date "2014.12.29"]
[Round "6"]
[White "Mantovan, Giuseppe"]
[Black "Zito, Riccardo"]
[WhiteElo "1804"]
[BlackElo "1743"]
[Result "1/2-1/2"]
[PlyCount "50"]
[EventDate "2014.12.26"]

1. d4 Nf6 2. c4 g6 3. Nc3 d6 4. e4 Nbd7 5. f4 c5 6. d5 Bg7 7. Nf3 Qc7 8. Bd3 a6
9. a4 Rb8 10. O-O O-O 11. e5 dxe5 12. fxe5 Ng4 13. d6 exd6 14. Nd5 Qd8 15. exd6
Nde5 16. Ne7+ Kh8 17. Be2 Nxf3+ 18. gxf3 Bd4+ 19. Kg2 Qxd6 20. Nxg6+ fxg6 21.
fxg4 Bd7 22. Bh6 Bc6+ 23. Bf3 Bxf3+ 24. Rxf3 Rxf3 25. Qxf3 Qc6 1/2-1/2

[Event "XXV Weekend A"]
[Site "Robecchetto con Induno ITA"]
[Date "2014.12.29"]
[Round "6"]
[White "Moroni, Luca"]
[Black "D'Aulisa, Francesco"]
[WhiteElo "1868"]
[BlackElo "1767"]
[Result "1/2-1/2"]
[PlyCount "55"]
[EventDate "2014.12.26"]

1. Nf3 d6 2. d4 e6 3. Bf4 h6 4. h3 a6 5. e3 Nd7 6. c3 Ne7 7. Bc4 b6 8. Nbd2 Bb7
9. Qe2 g5 10. Bh2 Rg8 11. e4 Ng6 12. Bd3 Bg7 13. Rg1 e5 14. Bc4 Nf4 15. Bxf4
gxf4 16. O-O-O Bf6 17. dxe5 dxe5 18. Nh2 Qe7 19. Ng4 Bg7 20. Nf3 b5 21. Rxd7
Kxd7 22. Bxf7 Rgd8 23. Bg6 Kc6 24. Nd2 Rd6 25. Bf5 Rad8 26. Nb3 Kb6 27. f3 Ka7
28. Qf2+ 1/2-1/2

[Event "XXV Weekend A"]
[Site "Robecchetto con Induno ITA"]
[Date "2014.12.29"]
[Round "6"]
[White "Ongaro, Andrea"]
[Black "Paniga, Danilo"]
[WhiteElo "1717"]
[BlackElo "1858"]
[Result "0-1"]
[PlyCount "98"]
[EventDate "2014.12.26"]

1. e4 d6 2. d4 Nf6 3. Nc3 c6 4. Bd3 e5 5. Nge2 Be7 6. O-O O-O 7. f4 exf4 8.
Bxf4 Nh5 9. Be3 Bg5 10. Qd2 Bxe3+ 11. Qxe3 Na6 12. a3 Nc7 13. Rad1 Qe7 14. Qf3
g6 15. Rde1 Qg5 16. h3 Ne8 17. Bc4 Kg7 18. Nd1 b5 19. Bd3 Kg8 20. Ne3 Nc7 21.
c3 Rb8 22. Nc2 Bd7 23. Nf4 Nxf4 24. Qxf4 Qxf4 25. Rxf4 Kg7 26. Ne3 Rbe8 27. Ng4
f5 28. Nh2 Re7 29. Rf2 Nd5 30. Kf1 Rfe8 31. e5 dxe5 32. dxe5 Rxe5 33. Rd1 Ne3+
34. Ke1 Nxd1+ 35. Kxd1 Be6 36. Nf3 Bb3+ 37. Bc2 Bxc2+ 38. Rxc2 Rd8+ 39. Kc1
Red5 40. b3 c5 41. Re2 Kf6 42. b4 g5 43. Kc2 g4 44. hxg4 fxg4 45. Nd2 Rxd2+ 46.
Rxd2 Rxd2+ 47. Kxd2 c4 48. Ke3 Ke5 49. Kf2 Kf4 0-1

[Event "XXV Weekend A"]
[Site "Robecchetto con Induno ITA"]
[Date "2014.12.29"]
[Round "6"]
[White "Prete, Alessandro"]
[Black "Pedoni, Lorenzo"]
[WhiteElo "1752"]
[BlackElo "1827"]
[Result "1-0"]
[PlyCount "33"]
[EventDate "2014.12.26"]

1. d4 Nf6 2. Nf3 e6 3. e3 c5 4. Bd3 Nc6 5. O-O Be7 6. b3 O-O 7. Bb2 Qc7 8. a3
cxd4 9. exd4 b6 10. Nbd2 Bb7 11. Qe2 Nd5 12. g3 h6 13. c4 Nf6 14. d5 exd5 15.
cxd5 Nxd5 16. Qe4 g6 17. Qxd5 1-0

[Event "XXV Weekend A"]
[Site "Robecchetto con Induno ITA"]
[Date "2014.12.29"]
[Round "6"]
[White "Primerano, Carlo"]
[Black "Saccani, Ettore"]
[WhiteElo "1719"]
[BlackElo "1690"]
[Result "1-0"]
[PlyCount "101"]
[EventDate "2014.12.26"]

1. d4 Nf6 2. c4 g6 3. Nc3 Bg7 4. e4 d6 5. f3 O-O 6. Be3 e5 7. d5 h6 8. Qd2 Kh7
9. Bd3 a5 10. Nge2 Na6 11. g4 Nb4 12. Ng3 Nxd3+ 13. Qxd3 Bd7 14. h4 Ng8 15. h5
g5 16. Nf5 Bxf5 17. gxf5 Bf6 18. Ne2 Ne7 19. a4 Rg8 20. O-O-O Qd7 21. b3 Rae8
22. Bd2 b6 23. Bc3 Qd8 24. Kb1 Rg7 25. Rhg1 Reg8 26. f4 g4 27. fxe5 dxe5 28.
Ng3 Qd6 29. Ka2 Bh4 30. Bd2 Bg5 31. Rdf1 Bf4 32. Rg2 Nc6 33. f6 Bxd2 34. Qxd2
Nb4+ 35. Kb2 Rg5 36. Rgf2 Qc5 37. Qc3 Qd4 38. Qxd4 exd4 39. Rd2 d3 40. Kc3 Re8
41. Kd4 Rd8 42. Rf5 Rd6 43. Rxg5 hxg5 44. e5 Rd7 45. Ke4 Kh6 46. Kf5 Rd8 47.
Kxg4 Re8 48. Kf5 Kh7 49. e6 fxe6+ 50. dxe6 Rd8 51. f7 1-0

[Event "XXV Weekend A"]
[Site "Robecchetto con Induno ITA"]
[Date "2014.12.29"]
[Round "6"]
[White "Recanatini, Italo"]
[Black "Zanin, Fabio"]
[WhiteElo "1808"]
[BlackElo "1651"]
[Result "1-0"]
[PlyCount "101"]
[EventDate "2014.12.26"]

1. e4 e5 2. Nf3 Nc6 3. Bb5 a6 4. Bxc6 dxc6 5. d4 exd4 6. Qxd4 Qxd4 7. Nxd4 Nf6
8. f3 Bc5 9. Be3 O-O 10. a3 Re8 11. Nd2 Bb6 12. Kf2 Bd7 13. Rhe1 Rad8 14. Rad1
Bc8 15. Nf1 Rd6 16. Nb3 Bxe3+ 17. Nxe3 Red8 18. Nc5 Rxd1 19. Rxd1 Rxd1 20. Nxd1
b6 21. Nd3 a5 22. Ne5 Bb7 23. g4 h6 24. h4 Kf8 25. Ne3 g6 26. h5 Kg7 27. hxg6
fxg6 28. Kg3 b5 29. c3 c5 30. Nd3 Nd7 31. Nf4 Kf7 32. Nfd5 c6 33. Nf4 Ne5 34.
Ne2 Nd3 35. Nd1 Bc8 36. Nf4 Ne5 37. Kf2 Kf6 38. Ke3 Nc4+ 39. Ke2 Bd7 40. Nd3
Be8 41. Ne3 Bf7 42. Nxc4 Bxc4 43. Ke3 h5 44. e5+ Kg5 45. Nxc5 h4 46. Ne4+ Kh6
47. g5+ Kh5 48. Kf4 h3 49. Kg3 Be6 50. f4 h2 51. Nf6# 1-0

[Event "XXV Weekend A"]
[Site "Robecchetto con Induno ITA"]
[Date "2014.12.29"]
[Round "6"]
[White "Rossi, Emanuele"]
[Black "Caldi, Mario"]
[WhiteElo "1635"]
[BlackElo "1840"]
[Result "0-1"]
[PlyCount "114"]
[EventDate "2014.12.26"]

1. e4 e6 2. d4 d5 3. e5 c5 4. c3 Nc6 5. Nf3 Qb6 6. Be2 cxd4 7. cxd4 Nge7 8. Nc3
Nf5 9. Bb5 Bd7 10. Bxc6 bxc6 11. O-O c5 12. Na4 Qb4 13. Nxc5 Bxc5 14. dxc5 Qxc5
15. Bd2 O-O 16. a3 Rfc8 17. Rc1 Qb6 18. Rxc8+ Rxc8 19. Bc3 Bb5 20. Re1 Bc4 21.
Qd2 Bb3 22. g4 Ne7 23. Qg5 Nc6 24. Rc1 Qd8 25. Qe3 Bc4 26. Bd4 Nxd4 27. Nxd4 h6
28. h3 Qb6 29. b3 Ba6 30. Rxc8+ Bxc8 31. Qc3 Ba6 32. b4 Bc4 33. a4 a6 34. Nc2
Qc6 35. a5 Qa4 36. Ne3 Qa2 37. Qc2 Qa1+ 38. Kg2 Qd4 39. h4 h5 40. Kh3 hxg4+ 41.
Nxg4 Bf1+ 42. Kg3 Qxb4 43. Qc8+ Qf8 44. Qxf8+ Kxf8 45. Ne3 Be2 46. Nc2 Ke7 47.
Nd4 Bc4 48. f4 Kf8 49. Kg4 Kg8 50. Kg5 Bd3 51. h5 Kh7 52. Nc6 Bb5 53. Nd8 d4
54. f5 d3 55. fxe6 fxe6 56. Nxe6 d2 57. Nf8+ Kg8 0-1

[Event "XXV Weekend A"]
[Site "Robecchetto con Induno ITA"]
[Date "2014.12.29"]
[Round "6"]
[White "Sala, Gianni"]
[Black "Barrera, Pietro"]
[WhiteElo "1772"]
[BlackElo "1879"]
[Result "1-0"]
[PlyCount "69"]
[EventDate "2014.12.26"]

1. e4 c5 2. Nf3 Nc6 3. Bb5 e6 4. O-O Nge7 5. Re1 a6 6. Bf1 Ng6 7. c3 Be7 8. d4
cxd4 9. cxd4 d5 10. Nc3 O-O 11. a3 b6 12. Be3 Bb7 13. exd5 exd5 14. Bd3 Bf6 15.
Rc1 Re8 16. Bb1 Rc8 17. Bf5 Rc7 18. Na4 Rce7 19. Qd3 Kh8 20. b4 Nh4 21. Nxh4
Bxh4 22. Nc3 Bf6 23. Ne2 g6 24. Bh3 Re4 25. Qd2 Bg7 26. g3 f5 27. Bg2 R4e6 28.
Nf4 Rd6 29. Nh3 Bf6 30. Ng5 Bxg5 31. Bxg5 Qd7 32. Rxe8+ Qxe8 33. Re1 Re6 34.
Bf6+ Kg8 35. Bxd5 1-0

[Event "XXV Weekend B"]
[Site "Robecchetto con Induno ITA"]
[Date "2014.12.26"]
[Round "1"]
[White "Bignami, Matteo"]
[Black "Tonello, Bruno"]
[WhiteElo "1536"]
[BlackElo "1383"]
[Result "0-1"]
[PlyCount "70"]
[EventDate "2014.12.26"]

1. d4 d5 2. Nf3 Nf6 3. e3 Nc6 4. Bd3 e6 5. Nbd2 Be7 6. c3 O-O 7. Ng5 e5 8. dxe5
Nxe5 9. Bc2 Bg4 10. f3 Bh5 11. Bb3 Nd3+ 12. Ke2 Bc5 13. Kxd3 Bg6+ 14. Ke2 Re8
15. Nf1 c6 16. Nh3 Qb6 17. Nf4 Bf5 18. Bc2 Re5 19. Bxf5 Rxf5 20. Nd3 Bd6 21.
Qb3 Qc7 22. Ng3 Bxg3 23. hxg3 Qxg3 24. Ne1 b6 25. Rh3 Qd6 26. Qc2 g6 27. Nd3
Rh5 28. Nf4 Rg5 29. Bd2 Re8 30. Rah1 Qxf4 31. e4 Rxg2+ 32. Kd1 Qe5 33. exd5
Qxd5 34. c4 Qd7 35. Qc3 Ree2 0-1

[Event "XXV Weekend B"]
[Site "Robecchetto con Induno ITA"]
[Date "2014.12.26"]
[Round "1"]
[White "Bolognese, Leonardo"]
[Black "Colombo, Abner"]
[WhiteElo "1488"]
[BlackElo "1307"]
[Result "1-0"]
[PlyCount "59"]
[EventDate "2014.12.26"]

1. d4 d5 2. c4 dxc4 3. Nc3 a6 4. a4 Nf6 5. e4 e5 6. d5 Bc5 7. Bg5 h6 8. Bh4 g5
9. Bg3 Bg4 10. f3 Bh5 11. Bxe5 Nbd7 12. Bg3 b5 13. axb5 Nb6 14. bxa6 O-O 15.
Nb5 Nxe4 16. Bxc7 Bb4+ 17. Ke2 Qd7 18. Bxb6 Qxb5 19. Qd4 c3+ 20. Ke3 Qe8 21.
fxe4 f5 22. Qxb4 f4+ 23. Kf2 c2 24. Bc4 Rxa6 25. Bxa6 g4 26. Ne2 f3 27. gxf3
Rxf3+ 28. Kg2 Qf7 29. d6 Rf2+ 30. Bxf2 1-0

[Event "XXV Weekend B"]
[Site "Robecchetto con Induno ITA"]
[Date "2014.12.26"]
[Round "1"]
[White "Castoldi, Andrea"]
[Black "Ciochetta, Giovanni"]
[WhiteElo "1419"]
[BlackElo "1587"]
[Result "1/2-1/2"]
[PlyCount "108"]
[EventDate "2014.12.26"]

1. e4 e5 2. Nf3 Nf6 3. Nc3 d6 4. Be2 Be7 5. d3 Nc6 6. Be3 Bg4 7. d4 Bxf3 8.
Bxf3 exd4 9. Bxd4 Nxd4 10. Qxd4 O-O 11. Nd5 Nxd5 12. Qxd5 c6 13. Qb3 Qc7 14.
O-O Bf6 15. c3 Rfe8 16. Rfe1 Re5 17. Qc2 Rae8 18. g3 g6 19. Kf1 Qd7 20. Bg2 Qe6
21. f4 Rh5 22. Kg1 Qc4 23. a3 Bd4+ 24. Kh1 Bb6 25. Rad1 Bc7 26. Qd3 Qe6 27. Qb1
Qf6 28. Qd3 Qg7 29. Qd4 Qxd4 30. Rxd4 Kg7 31. Rd2 c5 32. Bf3 Rh6 33. b4 cxb4
34. cxb4 b6 35. Rd5 f6 36. Kg2 Rb8 37. Rc1 Bd8 38. Rxd6 a5 39. b5 f5 40. e5 g5
41. Rxh6 Kxh6 42. Rc6+ Kg7 43. fxg5 Bxg5 44. h4 Be3 45. a4 h6 46. e6 Kf8 47.
Rc7 Re8 48. Rc6 Re7 49. Bh5 Kg7 50. Bf3 Kf6 51. Bd5 Ke5 52. Bb3 Bc5 53. Kf3 Rg7
54. Rc8 Rg6 1/2-1/2

[Event "XXV Weekend B"]
[Site "Robecchetto con Induno ITA"]
[Date "2014.12.26"]
[Round "1"]
[White "Cavagna, Marco"]
[Black "Carando, Enrica"]
[WhiteElo "1516"]
[BlackElo "1362"]
[Result "1/2-1/2"]
[PlyCount "95"]
[EventDate "2014.12.26"]

1. d4 Nf6 2. c4 g6 3. Nf3 Bg7 4. e3 O-O 5. Nc3 d5 6. b3 Be6 7. Bd3 Na6 8. a3 c5
9. O-O Qb6 10. Rb1 Rad8 11. h3 Nd7 12. Na4 Qc6 13. Bd2 Nb6 14. Nxb6 Qxb6 15.
Bc3 Qd6 16. dxc5 Nxc5 17. Bxg7 Kxg7 18. Be2 Ne4 19. Qd4+ Kg8 20. Qb2 dxc4 21.
bxc4 b6 22. Nd4 Rc8 23. Nb5 Qd7 24. Rfd1 Qb7 25. Rbc1 Rfd8 26. Nd4 Qd7 27. Nxe6
Qxe6 28. Bf3 Rxd1+ 29. Rxd1 Qxc4 30. Rd4 Qc1+ 31. Qxc1 Rxc1+ 32. Rd1 Rxd1+ 33.
Bxd1 Kf8 34. f3 Nc3 35. Bc2 Ke8 36. Kf2 Kd7 37. e4 Kc6 38. Bb3 e6 39. Ke3 Nb5
40. a4 Nc7 41. Kd4 b5 42. axb5+ Nxb5+ 43. Ke5 Kd7 44. Kf6 Ke8 45. g4 Nc3 46. h4
a5 47. Kg7 a4 48. Bc4 1/2-1/2

[Event "XXV Weekend B"]
[Site "Robecchetto con Induno ITA"]
[Date "2014.12.26"]
[Round "1"]
[White "Cazzola, Franco"]
[Black "Vitale, Aurora"]
[WhiteElo "1576"]
[BlackElo "1410"]
[Result "1-0"]
[PlyCount "71"]
[EventDate "2014.12.26"]

1. d4 d5 2. Nf3 Nc6 3. e3 Nf6 4. c3 e6 5. Bd3 Bd6 6. Nbd2 O-O 7. O-O Qe7 8. e4
Bf4 9. exd5 Nxd5 10. Re1 Bd7 11. Ne4 b6 12. a3 f5 13. Bxf4 Nxf4 14. Ng3 Qf6 15.
Bc4 Nd5 16. Ne5 Nxe5 17. Rxe5 Bc6 18. Qd2 Qg6 19. Rae1 Rfe8 20. Bb3 Rad8 21. c4
Nf6 22. Rxe6 Rxe6 23. Rxe6 Bb7 24. Bc2 Qg4 25. Qe2 Qxd4 26. Bb3 Bc8 27. Nxf5
Qf4 28. Ne7+ Kf8 29. Nxc8 Rxc8 30. h3 Nd7 31. Re3 Nf6 32. Re7 Rd8 33. c5 Rd2
34. Rf7+ Kg8 35. Rxf6+ Kh8 36. Qe8# 1-0

[Event "XXV Weekend B"]
[Site "Robecchetto con Induno ITA"]
[Date "2014.12.26"]
[Round "1"]
[White "Corbelli, Daniele"]
[Black "Vignati, Andrea"]
[WhiteElo "1353"]
[BlackElo "1490"]
[Result "0-1"]
[PlyCount "92"]
[EventDate "2014.12.26"]

1. e4 e5 2. Nf3 Nc6 3. Bc4 Bc5 4. c3 Nf6 5. d3 d6 6. Bb3 O-O 7. Bg5 h6 8. Bh4
Bg4 9. Nbd2 Qe7 10. Nf1 Be6 11. Bc2 d5 12. Ne3 Bxe3 13. fxe3 dxe4 14. dxe4 Qd7
15. Bxf6 Qxd1+ 16. Rxd1 gxf6 17. b3 Rad8 18. Kf2 Kg7 19. Rxd8 Rxd8 20. Rd1 Rxd1
21. Bxd1 a5 22. a4 Nb8 23. Ne1 Nd7 24. Nd3 Kg6 25. b4 b6 26. h4 h5 27. b5 Bc4
28. Nb2 Ba2 29. Bc2 Nc5 30. c4 Bb3 31. Bxb3 Nxb3 32. Ke2 Nc5 33. Kf3 f5 34.
exf5+ Kxf5 35. g3 e4+ 36. Kg2 Kg4 37. Nd1 Nxa4 38. Nf2+ Kf5 39. Kh3 Nc3 40. g4+
Kg6 41. Kg3 a4 42. gxh5+ Kxh5 43. Ng4 a3 44. Nf6+ Kg6 45. Ng4 a2 46. Ne5+ Kg7
0-1

[Event "XXV Weekend B"]
[Site "Robecchetto con Induno ITA"]
[Date "2014.12.26"]
[Round "1"]
[White "Ferri, Antonio"]
[Black "Valtemara, Mattia Angelo"]
[WhiteElo "1646"]
[BlackElo "1444"]
[Result "1-0"]
[PlyCount "51"]
[EventDate "2014.12.26"]

1. d4 d5 2. c4 c6 3. Nc3 Nf6 4. Nf3 e6 5. e3 Be7 6. Bd3 dxc4 7. Bxc4 O-O 8. O-O
Nbd7 9. Qc2 c5 10. Rd1 cxd4 11. Nxd4 a6 12. a4 Qc7 13. Bd3 Ne5 14. Be2 Nc6 15.
Ne4 Nxe4 16. Qxe4 Bd7 17. b3 Rfe8 18. Bb2 Rac8 19. Rac1 Qb6 20. Bd3 g6 21. Bc4
Bf8 22. Nxc6 Bxc6 23. Qe5 f6 24. Qxf6 Re7 25. Bxe6+ Rxe6 26. Qxe6# 1-0

[Event "XXV Weekend B"]
[Site "Robecchetto con Induno ITA"]
[Date "2014.12.26"]
[Round "1"]
[White "Koureas, Panicos"]
[Black "Beltrami, Jacopo"]
[WhiteElo "1441"]
[BlackElo "1642"]
[Result "1/2-1/2"]
[PlyCount "55"]
[EventDate "2014.12.26"]

1. e4 e6 2. d4 d5 3. Nd2 Nf6 4. e5 Nfd7 5. c3 c5 6. Ngf3 Nc6 7. Bb5 Qb6 8. Bxc6
bxc6 9. O-O Be7 10. Re1 O-O 11. Qc2 cxd4 12. cxd4 c5 13. dxc5 Nxc5 14. Nb3 Nxb3
15. axb3 Bd7 16. Be3 Qb7 17. Rec1 Rfc8 18. Qd1 a6 19. h4 Rxc1 20. Rxc1 Rc8 21.
Ra1 Bb5 22. Nd4 Bc5 23. Nc2 Qb6 24. h5 Bxe3 25. Nxe3 h6 26. Rc1 Qd8 27. Rxc8
Qxc8 28. Nc2 1/2-1/2

[Event "XXV Weekend B"]
[Site "Robecchetto con Induno ITA"]
[Date "2014.12.26"]
[Round "1"]
[White "Loaldi, Davide"]
[Black "Bonuglia, Gabriele"]
[WhiteElo "1590"]
[BlackElo "1428"]
[Result "1-0"]
[PlyCount "129"]
[EventDate "2014.12.26"]

1. d4 d5 2. Nf3 Nc6 3. e3 Nf6 4. c4 e6 5. a3 Be7 6. Bd3 dxc4 7. Bxc4 O-O 8. O-O
a6 9. b4 b5 10. Bd3 Bd7 11. Nc3 Re8 12. Bb2 h6 13. Rc1 Nd5 14. Ne4 a5 15. Bxb5
Nb8 16. Bxd7 Nxd7 17. b5 Bf6 18. Nxf6+ Qxf6 19. e4 N5b6 20. Rxc7 Rac8 21. Rxc8
Rxc8 22. Qb3 a4 23. Qa2 Rc2 24. Rc1 Re2 25. e5 Qf4 26. Re1 Rc2 27. Qb1 Rc4 28.
Rc1 Rxc1+ 29. Bxc1 Qf5 30. Qxf5 exf5 31. h4 f6 32. e6 Nb8 33. Bf4 N8d7 34. exd7
Nxd7 35. Bd6 Kf7 36. Nd2 g5 37. Nc4 Ke6 38. Bb4 gxh4 39. Nd2 Kd5 40. Nf3 Nb6
41. Bc5 Nc4 42. Nxh4 f4 43. b6 Nxb6 44. Bxb6 h5 45. Ng6 f5 46. Nxf4+ Kc4 47.
Nxh5 Kb3 48. Bc5 Kc4 49. Ng7 f4 50. Ne6 f3 51. Ng5 fxg2 52. Kxg2 Kd5 53. Kf3
Kc6 54. Ke4 Kd7 55. f4 Ke8 56. Ke5 Kd7 57. d5 Ke8 58. Ke6 Kd8 59. f5 Ke8 60. f6
Kd8 61. f7 Kc7 62. f8=Q Kb7 63. Qe7+ Kc8 64. Bb6 Kb8 65. Qc7+ 1-0

[Event "XXV Weekend B"]
[Site "Robecchetto con Induno ITA"]
[Date "2014.12.26"]
[Round "1"]
[White "Madaschi, Sergio"]
[Black "Vitale, Piero"]
[WhiteElo "1498"]
[BlackElo "1359"]
[Result "0-1"]
[PlyCount "74"]
[EventDate "2014.12.26"]

1. d4 e6 2. e4 c6 3. Nf3 Ne7 4. Nc3 d5 5. Bd3 a6 6. a4 Ng6 7. O-O Bb4 8. Bd2
Bd6 9. e5 Be7 10. Qe2 Nd7 11. Be3 b6 12. Qd2 c5 13. Rfe1 Bb7 14. Bg5 cxd4 15.
Bxe7 Qxe7 16. Bxg6 dxc3 17. Bxf7+ Qxf7 18. Qxc3 O-O 19. Qc7 Rab8 20. Re2 Rfc8
21. Qd6 Rc6 22. Qa3 Rbc8 23. c3 Rc4 24. Nd4 Nc5 25. b4 Ne4 26. Nf3 Rxc3 27. Qb2
Qf4 28. Rf1 Ng5 29. Nxg5 Qxg5 30. g3 d4 31. f4 Qf5 32. Rd1 Re3 33. Qxd4 Rc2 34.
Rxc2 Qxc2 35. Rd2 Qc6 36. Kf1 Qf3+ 37. Kg1 Re1# 0-1